|
|
|
|
| LEADER |
01050nam a2200277 a 4500 |
| 001 |
14234572 |
| 008 |
101004r20092008maua b 001 0 eng d |
| 010 |
|
|
|a 2006002008
|
| 020 |
|
|
|a 0321369572
|
| 020 |
|
|
|a 0321122267 (hbk.)
|
| 020 |
|
|
|a 9780321369574
|
| 020 |
|
|
|a 9788131716250
|
| 040 |
|
|
|a DLC
|c DLC
|d UKM
|d C#P
|d YUS
|d BAKER
|d DLC
|d BD-DhAAL
|
| 082 |
0 |
0 |
|a 005.74
|2 22
|
| 100 |
1 |
|
|a Elmasri, Ramez.
|
| 245 |
1 |
0 |
|a Fundamentals of database systems /
|c Ramez Elmasri, Shamkant B. Navathe.
|
| 250 |
|
|
|a 5th ed.
|
| 260 |
|
|
|a Boston ;
|a Delhi :
|b Pearson/Addison Wesley,
|c c2008 [Reprinted 2009]
|
| 300 |
|
|
|a xxxii, 1143 p. :
|b ill. ;
|c 24 cm.
|
| 504 |
|
|
|a Includes bibliographical references (p. 1071-1099) and index.
|
| 541 |
1 |
|
|e 00021139
|
| 650 |
|
0 |
|a Database management.
|
| 700 |
1 |
|
|a Navathe, Sham.
|
| 852 |
4 |
|
|a Ayesha Abed Library
|j General shelf
|
| 999 |
|
|
|c 9626
|d 9626
|
| 952 |
|
|
|0 0
|1 0
|2 ddc
|4 0
|6 005_740000000000000_ELM_2009
|7 0
|9 12244
|a BRACUL
|b BRACUL
|c GEN
|d 2010-10-04
|g 509.25
|l 26
|m 111
|o 005.74 ELM
|p 3010021139
|r 2026-04-08
|s 2025-10-26
|t 1
|w 2010-10-04
|y BK
|